01525nam a2200409 i 450000100060000000300090000600500170001500800410003204000360007304100180010904600090012708000110013608000080014708000120015508000090016724502870017626000490046330000280051238000160054038800140055638800140057050400240058454600400060865000160064865000210066465000160068565000120070165000220071365500290073565800310076465800280079570000400082370000450086371000470090870000620095585600980101719590KOSZ 00520220608104226.0121120s1979 pl a f 100 0 pol d cKOSZ 005aKOSZ 005dKOSZ 005/HR0 apolbengbrus k1979 a624.04 a534 a699.841 a(06)00aWpływy sejsmiczne na budowle :bmateriały z sympozjum Sekcji Mechaniki Konstrukcji Komitetu Inżynierii Lądowej i Wodnej PAN i Instytutu Mechaniki Budowli Politechniki Krakowskiej, Kraków 1978 / c[red. nauk. monografii Roman Ciesielski, Janusz Kawecki, Krzysztof Stypuła].  aKraków : bPolitechnika Krakowska, c1979. a368 s. :bil. ;c24 cm. aKsiążki a1901-2000 a1945-1989 aBibliogr. przy ref. aStreszczenia w języku ang. i ros. 4aBudownictwo 4aBezpieczeństwo 4aSejsmologia 4aDrgania 4aMechanika budowli 4aMateriały konferencyjne aArchitektura i budownictwo aInżynieria i technika1 aKawecki, Januszd(1943- )eRedakcja1 aCiesielski, Romand(1924-2004)eRedakcja2 aWydawnictwo Politechniki Krakowskiej4pbl.1 aStypuła, Krzysztofd(1948-2020)eRedakcjac(budownictwo) uhttp://koha.tu.koszalin.pl/cgi-bin/koha/opac-detail.pl?biblionumber=19590yKatalog online BPK